| 000 | 00802nac a22002535a 4500 | ||
|---|---|---|---|
| 008 | 110517s2016 nyua|||frb||| 001 0 eng d | ||
| 010 | _a 2004270843 | ||
| 020 | _a1681174278 | ||
| 020 | _a9781681174273 | ||
| 035 | _a(OCoLC)ocm53389404 | ||
| 082 | 0 | 4 |
_222 _a622.3382 _bOIL |
| 100 |
_aChaudhry, Amanat U. _923882 |
||
| 245 | 1 | 0 |
_aOil Well Testing Handbook / _cEditor, Suhas, Kulkarni. |
| 260 |
_aVAleey Cottage, New York : _bScitus Academics LLC, _c2016. |
||
| 300 |
_a212 p. : _bill. ; _c18 cm. |
||
| 500 | _aIndex : p. 211-212. | ||
| 504 | _aIncludes bibliographical reference. | ||
| 504 | _aCitations : p. 207-209. | ||
| 590 | _aWessam | ||
| 650 | 7 |
_aOil wells _xTesting. _923881 _2BUEsh |
|
| 651 | _2BUEsh | ||
| 653 |
_bENGPET _cDecember2016 |
||
| 942 |
_cBB _k622.3382 OIL _2ddc _e22 |
||
| 999 |
_c23741 _d23713 |
||